Cities on the United States Border - Statistics

General Stats
  • This quiz has been taken 124 times
  • The average score is 18 of 37
Answer Stats
Population City % Correct
27,440 Imperial Beach
97%
1,423,852 San Diego
97%
1,300,983 Tijuana
97%
1,321,004 Ciudad Juárez
95%
681,728 El Paso
95%
670,031 Detroit
86%
217,188 Windsor
86%
182,781 Brownsville
78%
520,367 Matamoros
78%
255,244 Buffalo
75%
30,710 Fort Erie
75%
262,491 Laredo
69%
373,725 Nuevo Laredo
69%
39,825 Calexico
63%
1,032,686 Mexicali
63%
143,268 McAllen
59%
612,183 Reynosa
59%
88,071 Niagara Falls
55%
47,720 Niagara Falls
55%
13,420 Sault Ste. Marie
37%
73,368 Sault Ste. Marie
37%
220,292 Nogales
35%
20,103 Nogales
35%
29,684 Eagle Pass
24%
163,595 Piedras Negras
24%
216,099 Ciudad Acuña
22%
35,760 Del Rio
22%
30,184 Port Huron
21%
71,594 Sarnia
21%
79,138 Agua Prieta
15%
16,193 Douglas
15%
141,397 Abbotsford
14%
1,534 Sumas
14%
34,778 San Luis
13%
192,739 San Luis Río Colorado
13%
72,860 Tecate
10%
207 Tecate
10%
No matching quizzes found
Score Distribution
Percent of People with Each Score
Percentile by Number Answered
Your Score History
You have not taken this quiz